Welcome to the Holygrace Academy Library

Please use search bar below to get started

IMPROVE YOUR PUNCTUATION AND GRAMMAR (Record no. 4066)

MARC details
000 -LEADER
fixed length control field 00314nam a22001337a 4500
020 ## - INTERNATIONAL STANDARD BOOK NUMBER
ISBN 978-0-7160-2397-5
082 ## - DEWEY DECIMAL CLASSIFICATION NUMBER
Classification number 425
Item number FIE/I
100 ## - MAIN ENTRY--AUTHOR NAME
Personal name FIELD,MARION
245 ## - TITLE STATEMENT
Title IMPROVE YOUR PUNCTUATION AND GRAMMAR
260 ## - PUBLICATION, DISTRIBUTION, ETC. (IMPRINT)
Place of publication LONDON
Name of publisher ROBINSON
300 ## - PHYSICAL DESCRIPTION
Number of Pages 166
650 ## - SUBJECT ADDED ENTRY--TOPICAL TERM
Topical Term PUNCTUATION & GRAMMAR
Geographic subdivision LONDON
942 ## - ADDED ENTRY ELEMENTS (KOHA)
Koha item type Books
Holdings
Withdrawn status Lost status Collection code Home library Current library Shelving location Date acquired Source of acquisition Full call number Accession Number Koha item type
    Reference Main Library Main Library SHELF-16D -ENGLISH GRAMMAR ,POEMS 01/11/2017 PURCHASE 425 FIE/I 10145 Books